| 000 | 00352nam a22001457a 4500 | ||
|---|---|---|---|
| 008 | 221216b ||||| |||| 00| 0 eng d | ||
| 020 | _a9780826117748 | ||
| 041 | _aeng | ||
| 080 |
_23RD EDITION _a610.73 |
||
| 082 | _a610.73POW | ||
| 100 | _a8 | ||
| 101 | _aINF | ||
| 245 |
_aDICTIONARY OF NURSING THEORY AND RESEARCH _cPOWERS A B |
||
| 942 |
_2udc _cBK |
||
| 999 |
_c59196 _d59196 |
||